The Tangled Threads (Record no. 248591)
[ view plain ]
| 000 -LEADER | |
|---|---|
| fixed length control field | 01187cam a22002533a 4500 |
| 001 - CONTROL NUMBER | |
| control field | 19336 |
| 003 - CONTROL NUMBER IDENTIFIER | |
| control field | PGUSA |
| 005 - DATE AND TIME OF LATEST TRANSACTION | |
| control field | 20140828083417.0 |
| 008 - FIXED-LENGTH DATA ELEMENTS--GENERAL INFORMATION | |
| fixed length control field | 060919s2006||||xxu|||||s|||||000 | eng d |
| 040 ## - CATALOGING SOURCE | |
| Original cataloging agency | PGUSA |
| Language of cataloging | eng |
| 042 ## - AUTHENTICATION CODE | |
| Authentication code | dc |
| 050 #4 - LIBRARY OF CONGRESS CALL NUMBER | |
| Classification number | PS |
| 100 1# - MAIN ENTRY--PERSONAL NAME | |
| Personal name | Porter, Eleanor H. |
| Fuller form of name | (Eleanor Hodgman), |
| Dates associated with a name | 1868-1920 |
| 245 14 - TITLE STATEMENT | |
| Title | The Tangled Threads |
| Medium | [electronic resource] / |
| Statement of responsibility, etc | Eleanor H. Porter |
| 260 ## - PUBLICATION, DISTRIBUTION, ETC. (IMPRINT) | |
| Name of publisher, distributor, etc | Project Gutenberg, |
| Date of publication, distribution, etc | 2006 |
| 505 0# - FORMATTED CONTENTS NOTE | |
| Formatted contents note | A Delayed Heritage -- The Folly of Wisdom -- Crumbs -- A Four-Footed Faith and a Two -- A Matter of System -- Angelus -- The Apple of Her Eye -- A Mushroom Of Collingsville -- That Angel Boy -- The Lady in Black -- The Saving of Dad -- Millionaire Mike's Thanksgiving -- When Mother Fell Ill -- The Glory and the Sacrifice -- The Daltons and the Legacy -- The Letter -- The Indivisible Five -- The Elephant's Board and Keep -- A Patron of Art -- When Polly Ann Played Santa Claus. |
| 506 ## - RESTRICTIONS ON ACCESS NOTE | |
| Terms governing access | Public domain in the USA. |
| 516 ## - TYPE OF COMPUTER FILE OR DATA NOTE | |
| Type of computer file or data note | Electronic text |
| 653 ## - INDEX TERM--UNCONTROLLED | |
| Uncontrolled term | Short stories |
| 653 ## - INDEX TERM--UNCONTROLLED | |
| Uncontrolled term | Children's stories, American |
| 830 #0 - SERIES ADDED ENTRY--UNIFORM TITLE | |
| Uniform title | Project Gutenberg |
| Volume number/sequential designation | 19336 |
| 856 40 - ELECTRONIC LOCATION AND ACCESS | |
| Uniform Resource Identifier | <a href="http://www.gutenberg.org/ebooks/19336">http://www.gutenberg.org/ebooks/19336</a> |
| 942 ## - ADDED ENTRY ELEMENTS (KOHA) | |
| Koha item type | eBooks |
| Withdrawn status | Lost status | Damaged status | Home library | Current library | Date acquired | Total Checkouts | Date last seen | Price effective from | Koha item type |
|---|---|---|---|---|---|---|---|---|---|
| Project Gutenberg | Project Gutenberg | 08/28/2014 | 08/28/2014 | 08/28/2014 | eBooks |